00602nam a2200193Ia 4500003000900000008004100009020002200050040001600072080001600088100002300104245003600127260003400163300001000197650003000207650001500237942000700252999001700259952013200276IN-BaIIA211028s9999 xx 000 0 eng d a978-93-5111-053-8 cIIA Library a536.75bRAM aRaman, Amit936005 0aStatistical physicscAmit Raman aNew DelhibRandom Housec2013 a282p. aStatistical physics94158 aStatistics cBK c18833d18833 00104070aBANbBANcGENd2013-12-18eANJ g1470.00l0o536.75/ RAMp19755r2021-11-05v1470.00w2013-12-18yBKGRs. 1470.00